Mots en G par définition - Statistiques

Statistiques générales
  • Ce quiz a été pris 231 fois
  • Le résultat moyen est 15 sur 20
Statistiques - réponses
Genre Définition Mot % Correct
Nom Féminin Grand mammifère ruminant des savanes africaines du sud du Sahara, remarquable par la longueur de son cou et ses petites cornes recouvertes de velours. Girafe
97%
Nom Masculin Lieu couvert où l'on remise les véhicules. Garage
96%
Nom Féminin Lutte armée entre États. Elle entraîne l'application de règles particulières dans l'ensemble des rapports mutuels entre États ; elle commence par une déclaration ou un ultimatum et se termine par un armistice et, en principe, par un traité de paix qui met fin à cet état. Guerre
95%
Nom Médecin spécialisé dans l'étude de l'organisme de la femme et de son appareil génital, du point de vue tant physiologique que pathologique. Gynécologue
95%
Nom Masculin Étage supérieur d'une maison, dans le comble, et qui sert en général de débarras. Grenier
94%
Nom Masculin Félin haut sur pattes, à griffes non totalement rétractiles, très rapide, chassant antilopes et zèbres, facile à apprivoiser. Il n'abonde plus aujourd'hui qu'en Afrique orientale. Guépard
94%
Nom Féminin Insecte hyménoptère social à l'abdomen annelé de jaune et de noir, dont la femelle est pourvue d'un aiguillon venimeux. Guêpe
94%
Nom Féminin Instrument de musique à cordes pincées, à manche garni de frettes, et dont la caisse plate est échancrée. Guitare
94%
Nom Féminin Canal en métal ou en matière plastique, fixé à la base de l'égout d'un toit pour recevoir et canaliser les eaux pluviales. Gouttière
86%
Nom Masculin Singe anthropoïde des forêts de la partie occidentale de l'Afrique équatoriale. Gorille
84%
Nom Masculin Col de bouteille ou de vase dont l'entrée est étroite. Goulot
80%
Nom Féminin Familier. Action de rouler sur soi-même après avoir posé la tête sur le sol ; roulade, culbute. Galipette
75%
Nom Masculin Accumulation de glace continentale issue de la transformation de la neige et soumise à un écoulement lent. Glacier
73%
Nom Masculin Tube métallique commandant la colonne de direction d'un véhicule à deux ou trois roues et dont les extrémités sont munies de poignées et de manettes de freins. Guidon
73%
Nom Féminin Petit présent, friandise, douceur, sucrerie. Gâterie
59%
Nom Féminin Populaire. Jambe. Guibolle
59%
Nom Masculin Personne physique ou morale qui dirige et administre pour le compte d'autrui en tant que mandataire. Gérant
58%
Nom Masculin Mesure de capacité employée en Grande-Bretagne et au Canada (valant 4,5 litres) ainsi qu'aux États-Unis (valant 3,8 litres). Gallon
46%
Nom Féminin Sorte de vampire femelle, qui séduit les mâles vivants et qui hante les cimetières. Goule
32%
Nom Masculin Grand bâtiment de charge, employé par les Espagnols pour le commerce avec le Nouveau Monde. Galion
24%
Aucun quiz correspondant
Distribution des résultats
% des personnes avec chaque résultat
Percentile par nombre de réponses
Votre historique - résultats
Vous n’avez pas pris ce quiz